000 00909nam0a22002771 4500
001 rc\4863135
005 20220318102456.0
021 _aRU
_b[60-42826]
035 _a(NLR Aleph) 008905821
090 _a8732173
_c8732173
100 _a20130426d1960 |||y0rusy50 ca
101 0 _arus
102 _aRU
105 _aa z |||||
200 1 _aПо глухим тропкам
_e[Для детей
_fИл.: Г.А. Булгаков]
210 _aКраснодар
_cКн. изд-во
_d1960
215 _a43 с.
_cил.
_d20
606 _aЖивотные (д. л.)
_2psbo
700 1 _aНавозова
_bФ. В.
_gФекла Васильевна
702 1 _aБулгаков
_bГ. А.
_f1916-2011
_gГригорий Александрович
_3RU\NLR\AUTH\770240380
_4440
801 0 _aRU
_bNLR
_gpsbo
801 1 _aRU
_bELAR
_2rusmarc
852 _aNLR
_j60-4/8235
942 _cBOOK
980 _aNB